Statistics for TLC Discography

Click here to take the quiz!

General Stats

  • This quiz has been taken 8 times
  • The average score is 11 of 22

Answer Stats

YearNameType% Correct
1994CrazySexyCoolAlbum
100%
1992Ooooooohhh... On the TLC TipAlbum
100%
1992Ooooooohhh... On the Video TipVideo Album
100%
20023DAlbum
83%
1999FanMailAlbum
83%
201320Compilation
67%
2017TLCAlbum
67%
2009Steel Box Collection: Greatest HitsBox Set/Compilation
50%
201012" Masters Essential MixesCompilation
33%
2004Artist CollectionCompilation
33%
2006CollectionsCompilation
33%
1995CrazyVideoCoolVideo Album
33%
2003Hands Up/Girl TalkVideo Album
33%
2003Now & Forever: The HitsCompilation
33%
2004Now & Forever: The Video HitsVideo Album
33%
2009Playlist: The Very Best of TLCCompilation
33%
2013S.O.U.L.Compilation
33%
2010Super HitsCompilation
33%
2008The Greatest Hits of TLCCompilation
33%
2007The Very Best of TLC: Crazy Sexy HitsCompilation
33%
2013TLC 20: 20th Anniversary HitsCompilation
33%
2009We Love TLCCompilation
33%

Score Distribution

Percentile by Number Answered

Percent of People with Each Score

Your Score History

You have not taken this quiz